Учет геометрического профиля нефтепровода при определении параметров утечки; Нефтегазовое дело; № 2
| Parent link: | Нефтегазовое дело: электронный научный журнал.— , 2001- № 2.— 2012.— [С. 85-102] |
|---|---|
| Hlavní autor: | |
| Shrnutí: | Заглавие с экрана В представленной работе рассматриваются алгоритмы определения параметров утечки в трубопроводах, полученные решением уравнений гидродинамических процессов, протекающих при возникновении в них утечек. Данные алгоритмы пре-образованы для участка сплошного трубопровода с учётом его геометрического профиля, без дополнительных отводов, пролегающего между двумя насосными станциями. Проверена работоспособность полученных алгоритмов с помощью виртуального трубопровода, построенного в программном пакете COMSOL Multiphysics. Приведены резуль-таты исследования предложенных алгоритмов. In the presented work algorithms of definition of leak parameters in the pipelines, received by the decision of the equations of the hydrodynamic processes proceeding at occurrence of leaks in them, are considered. The given algorithms are transformed for a site of the continuous pipeline taking into account its geometrical profile, without the additional taps, lying between two pump stations. Working capacity of the received algorithms by means of the virtual pipeline constructed in software package COMSOL Multiphysics is checked up. The research results of the offered algorithms are resulted. Режим доступа: по договору с организацией-держателем ресурса |
| Jazyk: | ruština |
| Vydáno: |
2012
|
| Témata: | |
| On-line přístup: | http://elibrary.ru/item.asp?id=20891930 http://ogbus.ru/article/uchyot-geometricheskogo-profilya-nefteprovoda-pri-opredelenii-parametrov-utechki/ |
| Médium: | MixedMaterials Elektronický zdroj Kapitola |
| KOHA link: | https://koha.lib.tpu.ru/cgi-bin/koha/opac-detail.pl?biblionumber=638458 |
MARC
| LEADER | 00000naa0a2200000 4500 | ||
|---|---|---|---|
| 001 | 638458 | ||
| 005 | 20250204094506.0 | ||
| 035 | |a (RuTPU)RU\TPU\network\2809 | ||
| 035 | |a RU\TPU\network\2777 | ||
| 090 | |a 638458 | ||
| 100 | |a 20150123d2012 k||y0rusy50 ca | ||
| 101 | 0 | |a rus | |
| 102 | |a RU | ||
| 135 | |a drcn ---uucaa | ||
| 181 | 0 | |a i | |
| 182 | 0 | |a b | |
| 200 | 1 | |a Учет геометрического профиля нефтепровода при определении параметров утечки |f Т. Е. Мамонова |d The account of the geometrical oil pipeline profile for leaks parameters determination | |
| 203 | |a Текст |c электронный | ||
| 300 | |a Заглавие с экрана | ||
| 320 | |a [Библиогр.: с. 101-102 (14 назв.)] | ||
| 330 | |a В представленной работе рассматриваются алгоритмы определения параметров утечки в трубопроводах, полученные решением уравнений гидродинамических процессов, протекающих при возникновении в них утечек. Данные алгоритмы пре-образованы для участка сплошного трубопровода с учётом его геометрического профиля, без дополнительных отводов, пролегающего между двумя насосными станциями. Проверена работоспособность полученных алгоритмов с помощью виртуального трубопровода, построенного в программном пакете COMSOL Multiphysics. Приведены резуль-таты исследования предложенных алгоритмов. | ||
| 330 | |a In the presented work algorithms of definition of leak parameters in the pipelines, received by the decision of the equations of the hydrodynamic processes proceeding at occurrence of leaks in them, are considered. The given algorithms are transformed for a site of the continuous pipeline taking into account its geometrical profile, without the additional taps, lying between two pump stations. Working capacity of the received algorithms by means of the virtual pipeline constructed in software package COMSOL Multiphysics is checked up. The research results of the offered algorithms are resulted. | ||
| 333 | |a Режим доступа: по договору с организацией-держателем ресурса | ||
| 461 | |t Нефтегазовое дело |o электронный научный журнал |d 2001- | ||
| 463 | |t № 2 |v [С. 85-102] |d 2012 | ||
| 610 | 1 | |a труды учёных ТПУ | |
| 610 | 1 | |a электронный ресурс | |
| 610 | 1 | |a магистральные трубопроводы | |
| 610 | 1 | |a датчики давления | |
| 610 | 1 | |a гидравлический профиль | |
| 610 | 1 | |a утечка | |
| 610 | 1 | |a трубопроводы | |
| 610 | 1 | |a имитационные модели | |
| 610 | 1 | |a гидродинамические модели | |
| 700 | 1 | |a Мамонова |b Т. Е. |c специалист в области информатики и вычислительной техники |c доцент Томского политехнического университета, кандидат технических наук |f 1983- |g Татьяна Егоровна |3 (RuTPU)RU\TPU\pers\29661 |9 14174 | |
| 801 | 2 | |a RU |b 63413507 |c 20150123 |g RCR | |
| 856 | 4 | 0 | |u http://elibrary.ru/item.asp?id=20891930 |
| 856 | 4 | 0 | |u http://ogbus.ru/article/uchyot-geometricheskogo-profilya-nefteprovoda-pri-opredelenii-parametrov-utechki/ |
| 942 | |c CF | ||